000 01148nam a22002897a 4500
005 20120521154315.0
008 120521t xxu||||| |||| 00| 0 eng d
010 _aENG-105375
020 _a9788124606094
_c700.00
020 _a8124606099
_c700.00
035 _aEN-88908
037 _bDBAD/PUB
040 _aDPL
_bEng
082 _a491.25
100 _947159
_aSharda Narayanan
_d1968-
245 _aVākyapadīya :
_cby Sharda Narayanan
_bsphoṭa, jāti and dravya /
260 _aNew Delhi
_bD.K. Printworld
_c2012
270 _a'Srikunj', F-52, Bali Nagar, Ramesh Nagar Metro Station
_bNew Delhi
_e110015
300 _aix, 281 p.
_c23cm(Hb)
500 _aIncludes bibliographical references (p. [261]-264) and index.
546 _aIncludes verses in Sanskrit
_b(Devanagari and roman).
600 _aBhartr̥hari
_947621
650 _aSanskrit language
_xGrammar.
_947622
650 _aSanskrit language
_xPhilosophy.
_947623
942 _2ddc
_cEN
_h491.25
_mSHA
999 _c66989
_d66989